Uniformed Services of the United States - Statistics

General Stats
  • This quiz has been taken 51 times
    28 since last reset
  • The average score is 5 of 8
Answer Stats
Year Founded Answer % Correct
1775 Army
100%
1775 Navy
100%
1947 Air Force
96%
1775 Marine Corps
91%
1790 Coast Guard
83%
1917 NOAA
13%
2019 Space Force
0%
1889 United State Public Health Service Commissioned Corps
0%
No matching quizzes found
Score Distribution
Percent of People with Each Score
Percentile by Number Answered
Your Score History
You have not taken this quiz since the last reset